[Event "Chigorin Memorial 08th"]
[Site "St Petersburg"]
[Date "2000.11.08"]
[Round "7"]
[White "Tarasov, Mikhail"]
[Black "Grebenschikova, Natalya"]
[Result "1-0"]
[WhiteElo "2335"]
[BlackElo "2082"]
[PlyCount "85"]
[EventDate "2000.10.31"]
[EventType "swiss"]
[EventRounds "9"]
[EventCountry "RUS"]
[SourceTitle "EXT 2001"]
[Source "ChessBase"]
[SourceDate "2000.11.22"]
[SourceVersion "1"]
[SourceVersionDate "2000.11.22"]
[SourceQuality "1"]

1. d4 Nf6 2. c4 e6 3. Nf3 Bb4+ 4. Nbd2 b6 5. g3 Bb7 6. Bg2 0-0 7. 0-0 Bxd2 8. Qxd2 d6 9. b3 Nbd7 10. Bb2 Ne4 11. Qc2 f5 12. e3 Rb8 13. Rad1 Qe8 14. Ne1 Qh5 15. f3 Ng5 16. h4 Nf7 17. Nd3 g5 18. hxg5 Qxg5 19. Kf2 Nh6 20. Rh1 Nf6 21. Nf4 Rfe8 22. Rh4 e5 23. dxe5 dxe5 24. Ne2 Nhg4+ 25. fxg4 Nxg4+ 26. Rxg4 fxg4 27. Bxb7 Rf8+ 28. Ke1 Rxb7 29. Rd7 Qh5 30. Qe4 Rbb8 31. Bxe5 Rf7 32. Rxf7 Kxf7 33. Qd5+ Ke8 34. Qe6+ Kf8 35. Qf6+ Ke8 36. Bxc7 Qh1+ 37. Kd2 Rb7 38. Qe6+ Kf8 39. Bd6+ Kg7 40. Qxg4+ Kf7 41. Qf5+ Ke8 42. Qf8+ Kd7 43. Qe7+ 1-0

[Event "Chigorin Memorial 08th"]
[Site "St Petersburg"]
[Date "2000.11.01"]
[Round "2"]
[White "Pushkov, Nikolai"]
[Black "Tarasov, Mikhail"]
[Result "0-1"]
[WhiteElo "2546"]
[BlackElo "2335"]
[PlyCount "64"]
[EventDate "2000.10.31"]
[EventType "swiss"]
[EventRounds "9"]
[EventCountry "RUS"]
[SourceTitle "EXT 2001"]
[Source "ChessBase"]
[SourceDate "2000.11.22"]
[SourceVersion "1"]
[SourceVersionDate "2000.11.22"]
[SourceQuality "1"]

1. d4 d5 2. c4 e6 3. Nc3 c6 4. e3 Nf6 5. Nf3 Nbd7 6. Bd3 Bd6 7. 0-0 0-0 8. e4 dxc4 9. Bxc4 e5 10. Bb3 exd4 11. Qxd4 Qe7 12. Bg5 Ne5 13. Nxe5 Bxe5 14. Qe3 h6 15. Bxf6 Qxf6 16. Rad1 Bg4 17. f3 Qh4 18. g3 Bxg3 19. Qe2 Bh3 20. hxg3 Qxg3+ 21. Kh1 Bxf1 22. Rxf1 Rad8 23. Qh2 Qxh2+ 24. Kxh2 Rd2+ 25. Kg3 Rfd8 26. e5 Rxb2 27. Ne4 Kf8 28. e6 f5 29. Nc5 Ke7 30. Nd7 b6 31. Kf4 Rxb3 32. axb3 Kxe6 0-1

[Event "St Petersburg White Nights op"]
[Site "St Petersburg"]
[Date "2000.06.25"]
[Round "3"]
[White "Tarasov, Mikhail"]
[Black "Melnikov, Dmitry"]
[Result "1/2-1/2"]
[WhiteElo "2401"]
[BlackElo "2185"]
[PlyCount "116"]
[EventDate "2000.06.23"]
[EventType "swiss"]
[EventRounds "9"]
[EventCountry "RUS"]
[SourceTitle "CBM 076 Extra"]
[Source "ChessBase"]
[SourceDate "2000.07.11"]
[SourceVersion "1"]
[SourceVersionDate "2000.07.11"]
[SourceQuality "1"]

1. e4 e5 2. Nf3 Nc6 3. Bc4 Nf6 4. d3 Bc5 5. c3 a6 6. b4 Ba7 7. a4 d6 8. 0-0 Ne7 9. Be3 Ng6 10. Nbd2 0-0 11. d4 h6 12. Re1 Ng4 13. Nf1 Nxe3 14. Nxe3 exd4 15. Nxd4 Ne5 16. Bf1 Qh4 17. g3 Qxe4 18. Nef5 Qg4 19. Qxg4 Nxg4 20. Ne7+ Kh7 21. Nxc8 Raxc8 22. Bh3 f5 23. Re7 Bxd4 24. cxd4 Rfe8 25. Rae1 Rxe7 26. Rxe7 Kg6 27. Bg2 Kf6 28. Bxb7 Kxe7 29. Bxc8 g6 30. Bxa6 Kd7 31. b5 c5 32. bxc6+ Kxc6 33. Bb5+ Kb6 34. Be8 g5 35. Bd7 Ka5 36. Bxf5 Nf6 37. Bc2 Kb4 38. Kf1 Kc4 39. Ke2 Kxd4 40. a5 Kc5 41. Bd3 Nd7 42. f4 gxf4 43. gxf4 Nf6 44. Ke3 Kd5 45. Be2 Kc5 46. Bd3 Kd5 47. Kd2 Kc5 48. Kc2 Nd5 49. f5 Nf6 50. Kb3 Nd5 51. Be2 Nf6 52. Ka4 Nd7 53. Bf3 d5 54. Be2 d4 55. Kb3 Ne5 56. Kc2 Kc6 57. f6 Kb7 58. Kd2 Ka7 1/2-1/2

[Event "St Petersburg White Nights op"]
[Site "St Petersburg"]
[Date "2000.06.24"]
[Round "2"]
[White "Guseinov, Gadir"]
[Black "Tarasov, Mikhail"]
[Result "1-0"]
[WhiteElo "2324"]
[BlackElo "2401"]
[PlyCount "71"]
[EventDate "2000.06.23"]
[EventType "swiss"]
[EventRounds "9"]
[EventCountry "RUS"]
[SourceTitle "CBM 076 Extra"]
[Source "ChessBase"]
[SourceDate "2000.07.11"]
[SourceVersion "1"]
[SourceVersionDate "2000.07.11"]
[SourceQuality "1"]

1. e4 e5 2. Nf3 Nc6 3. Bb5 a6 4. Bxc6 dxc6 5. 0-0 Qd6 6. d3 f6 7. Be3 c5 8. Nbd2 Be6 9. Qe2 Ne7 10. c3 Nc6 11. Rfd1 Rd8 12. Nc4 Qe7 13. d4 cxd4 14. cxd4 exd4 15. Nxd4 Nxd4 16. Bxd4 Qf7 17. Na5 c5 18. Bc3 Rc8 19. e5 f5 20. Qf3 Rb8 21. Rd2 Qc7 22. b3 b5 23. a3 Be7 24. Nc6 Rc8 25. Nxe7 Qxe7 26. b4 0-0 27. Rd6 Rfd8 28. Rad1 Rxd6 29. Rxd6 cxb4 30. axb4 Bb3 31. h3 Qc7 32. Bd4 a5 33. Qxb3+ Kh8 34. bxa5 Qxa5 35. Kh2 Qd2 36. Be3 1-0

[Event "Petrov Memorial op"]
[Site "St Petersburg"]
[Date "2000.02.12"]
[Round "5"]
[White "Tarasov, Mikhail"]
[Black "Sinkevich, Petr"]
[Result "1/2-1/2"]
[WhiteElo "2401"]
[BlackElo "2293"]
[PlyCount "46"]
[EventDate "2000.02.05"]
[EventType "swiss"]
[EventRounds "9"]
[EventCountry "RUS"]
[SourceTitle "CBM 076"]
[Source "ChessBase"]
[SourceDate "2000.05.31"]
[SourceVersion "1"]
[SourceVersionDate "2000.05.31"]
[SourceQuality "1"]

1. e4 c5 2. c3 d5 3. exd5 Qxd5 4. d4 Nf6 5. Nf3 Bg4 6. Be2 e6 7. Be3 cxd4 8. cxd4 Nc6 9. Nc3 Qd6 10. 0-0 Be7 11. h3 Bh5 12. Qd2 Nd5 13. a3 0-0 14. Ne4 Qb8 15. Nc5 Rd8 16. Nd3 Bf6 17. Nfe5 Bxe2 18. Nxc6 bxc6 19. Qxe2 Ne7 20. Qg4 Nf5 21. Nb4 Qb5 22. Qf3 a5 23. Qxc6 Qb8 1/2-1/2

[Event "Petrov Memorial op"]
[Site "St Petersburg"]
[Date "2000.02.10"]
[Round "4"]
[White "Paramonov, Dimitriy"]
[Black "Tarasov, Mikhail"]
[Result "1-0"]
[WhiteElo "2279"]
[BlackElo "2401"]
[PlyCount "81"]
[EventDate "2000.02.05"]
[EventType "swiss"]
[EventRounds "9"]
[EventCountry "RUS"]
[SourceTitle "CBM 076"]
[Source "ChessBase"]
[SourceDate "2000.05.31"]
[SourceVersion "1"]
[SourceVersionDate "2000.05.31"]
[SourceQuality "1"]

1. e4 e5 2. Nf3 Nc6 3. Bb5 a6 4. Ba4 Nf6 5. 0-0 Be7 6. Re1 b5 7. Bb3 d6 8. c3 0-0 9. h3 h6 10. d4 Re8 11. a4 Rb8 12. axb5 axb5 13. d5 Bb7 14. dxc6 Bxc6 15. Qc2 Bf8 16. Nbd2 Nh5 17. Nf1 Qf6 18. Qd3 Be7 19. Ra7 Bd8 20. Ng3 Nf4 21. Bxf4 exf4 22. Nf5 Rb6 23. e5 dxe5 24. Rxe5 Rf8 25. N5d4 Bb7 26. Rxb5 Bc8 27. Ra8 Bb7 28. Rb8 Rxb5 29. Qxb5 Be4 30. Qe5 Qg6 31. Bd5 Bxd5 32. Qxd5 Be7 33. Rxf8+ Bxf8 34. Ne5 Qh5 35. Ndc6 Bd6 36. c4 Qf5 37. c5 Qb1+ 38. Kh2 Bxe5 39. Nxe5 Qf5 40. Qd8+ Kh7 41. Qd3 1-0

[Event "Lahti op2"]
[Site "Lahti"]
[Date "1999.??.??"]
[Round "2"]
[White "Tarasov, Mikhail"]
[Black "Kekki, Jorma J"]
[Result "1-0"]
[WhiteElo "2364"]
[BlackElo "2185"]
[PlyCount "47"]
[EventDate "1999.??.??"]
[EventType "swiss"]
[EventRounds "5"]
[EventCountry "FIN"]
[SourceTitle "EXT 2002"]
[Source "ChessBase"]
[SourceDate "2001.11.25"]
[SourceVersion "1"]
[SourceVersionDate "2001.11.25"]
[SourceQuality "1"]

1. d4 e6 2. c4 d5 3. Nc3 Be7 4. Nf3 Nf6 5. Bg5 h6 6. Bh4 0-0 7. e3 b6 8. Bxf6 Bxf6 9. cxd5 exd5 10. Bd3 c5 11. 0-0 Nc6 12. dxc5 Bxc3 13. bxc3 bxc5 14. c4 Be6 15. cxd5 Qxd5 16. e4 Qh5 17. Qa4 Rac8 18. Bb5 Bh3 19. gxh3 Qxh3 20. Be2 Rfe8 21. Kh1 Nd4 22. Nxd4 Rxe4 23. Qb3 Qd7 24. Ba6 1-0

[Event "Lahti op1"]
[Site "Lahti"]
[Date "1999.??.??"]
[Round "2"]
[White "Tarasov, Mikhail"]
[Black "Kilpela, Panu"]
[Result "1-0"]
[WhiteElo "2364"]
[BlackElo "2219"]
[PlyCount "27"]
[EventDate "1999.09.??"]
[EventType "swiss"]
[EventRounds "5"]
[EventCountry "FIN"]
[SourceTitle "EXT 2002"]
[Source "ChessBase"]
[SourceDate "2001.11.25"]
[SourceVersion "1"]
[SourceVersionDate "2001.11.25"]
[SourceQuality "1"]

1. d4 d5 2. c4 c6 3. e3 a6 4. Nc3 Nf6 5. Nf3 Bg4 6. Qb3 b5 7. cxd5 cxd5 8. Ne5 e6 9. Nxb5 axb5 10. Bxb5+ Ke7 11. Bd2 Qc7 12. 0-0 Bh5 13. Rfc1 Qb7 14. Ba5 1-0

[Event "Heart of Finland op 08th"]
[Site "Jyvaskyla"]
[Date "1998.??.??"]
[Round "?"]
[White "Karttunen, Mika"]
[Black "Tarasov, Mikhail"]
[Result "1-0"]
[WhiteElo "2245"]
[BlackElo "2315"]
[PlyCount "131"]
[EventDate "1998.07.??"]
[EventType "swiss"]
[EventRounds "9"]
[EventCountry "FIN"]
[SourceTitle "EXT 2000"]
[Source "ChessBase"]
[SourceDate "1999.11.16"]
[SourceVersion "1"]
[SourceVersionDate "1999.11.16"]
[SourceQuality "1"]

1. d4 e6 2. c4 d5 3. Nf3 Be7 4. g3 c6 5. Qc2 Nf6 6. Bg2 0-0 7. 0-0 Nbd7 8. b3 Ne4 9. Nbd2 Ndf6 10. Bb2 a5 11. a3 Bd7 12. Rfd1 b5 13. c5 Qc7 14. Ne5 Nxd2 15. Rxd2 Rfd8 16. e4 Be8 17. f3 Kh8 18. Re1 Ng8 19. exd5 exd5 20. f4 Nh6 21. Rde2 Bf8 22. f5 f6 23. Nf3 Qd7 24. Re6 Bf7 25. Bc1 Ng8 26. R6e2 Re8 27. g4 Rxe2 28. Rxe2 g6 29. Nh4 Ne7 30. Qd3 gxf5 31. gxf5 Ng8 32. Bh3 a4 33. b4 Re8 34. Bf4 Bh6 35. Ng2 Bh5 36. Re6 Bf8 37. Qe3 Bf7 38. Nh4 Bxe6 39. fxe6 Qg7+ 40. Kf2 Ne7 41. Nf5 Qg6 42. Nd6 Ra8 43. Nf7+ Kg8 44. Qg3 Bg7 45. Bd6 Qc2+ 46. Kg1 Qd1+ 47. Kg2 Ng6 48. Bb8 Qxd4 49. Nd8 Qe4+ 50. Kf1 f5 51. Nxc6 f4 52. Qf2 Rxb8 53. Nxb8 Bd4 54. Bg2 Qe5 55. Nc6 Bxf2 56. Nxe5 Nxe5 57. Bxd5 Kf8 58. Kxf2 Ke7 59. Ke2 h6 60. Kf2 Nc4 61. c6 Nb6 62. c7 Kd6 63. e7 Kxe7 64. Bc6 Kd6 65. Bxb5 Kxc7 66. Kf3 1-0

[Event "Heart of Finland op 08th"]
[Site "Jyvaskyla"]
[Date "1998.??.??"]
[Round "?"]
[White "Tarasov, Mikhail"]
[Black "Harjula, Mika"]
[Result "1-0"]
[WhiteElo "2315"]
[BlackElo "2190"]
[PlyCount "127"]
[EventDate "1998.07.??"]
[EventType "swiss"]
[EventRounds "9"]
[EventCountry "FIN"]
[SourceTitle "EXT 2000"]
[Source "ChessBase"]
[SourceDate "1999.11.16"]
[SourceVersion "1"]
[SourceVersionDate "1999.11.16"]
[SourceQuality "1"]

1. d4 Nf6 2. c4 e6 3. Nf3 b6 4. g3 Bb7 5. Bg2 Be7 6. 0-0 0-0 7. d5 exd5 8. Nd4 c6 9. cxd5 cxd5 10. Nf5 Na6 11. Nc3 Nc7 12. Qb3 Re8 13. Rd1 Bf8 14. Bf4 Bc6 15. Rac1 Rc8 16. Bd6 Re6 17. Qa3 g6 18. Bxf8 Qxf8 19. Qxf8+ Kxf8 20. Nd4 Ree8 21. e3 Red8 22. Rc2 Ne6 23. Nde2 Ba4 24. b3 Bb5 25. Rcd2 Bxe2 26. Nxe2 Rc5 27. Bxd5 Nxd5 28. Rxd5 Rxd5 29. Rxd5 Rc8 30. Rd2 Ke7 31. h4 Rc5 32. Kg2 h6 33. Ng1 b5 34. Nf3 a6 35. Nh2 a5 36. e4 d6 37. Ng4 h5 38. Ne3 Nc7 39. f4 Rc3 40. Kf2 Rc1 41. Rc2 Rxc2+ 42. Nxc2 d5 43. e5 f6 44. Nd4 fxe5 45. fxe5 a4 46. b4 a3 47. Ke3 Na6 48. Nc2 Kd7 49. Kd3 Ke6 50. Kd4 Nc7 51. Ne3 Na6 52. Nxd5 Kd7 53. Ke4 Ke6 54. Nf4+ Kf7 55. Kd5 Nxb4+ 56. Kd6 Ke8 57. e6 Nc6 58. Kxc6 b4 59. Kd6 b3 60. Nd5 bxa2 61. Nf6+ Kf8 62. e7+ Kg7 63. e8Q a1Q 64. Qg8+ 1-0

[Event "Chigorin Memorial"]
[Site "St Petersburg"]
[Date "1995.??.??"]
[Round "4"]
[White "Bezgodov, Alexei"]
[Black "Tarasov, Mikhail"]
[Result "1-0"]
[WhiteElo "2475"]
[BlackElo "2355"]
[PlyCount "121"]
[EventDate "1995.09.??"]
[EventType "swiss"]
[EventRounds "9"]
[EventCountry "RUS"]
[SourceTitle "EXT 1997"]
[Source "ChessBase"]
[SourceDate "1996.11.15"]
[SourceVersion "1"]
[SourceVersionDate "1996.11.15"]
[SourceQuality "1"]

1. e4 e5 2. Nf3 Nc6 3. Bb5 a6 4. Ba4 Nf6 5. 0-0 Be7 6. Re1 b5 7. Bb3 0-0 8. a4 Bb7 9. d3 d6 10. Nc3 b4 11. Nd5 Nxd5 12. Bxd5 Bf6 13. Be3 Rb8 14. Qd2 a5 15. c3 Ne7 16. Bxb7 Rxb7 17. d4 Qb8 18. c4 Ng6 19. d5 Qc8 20. c5 Qg4 21. c6 Rbb8 22. Qd3 Ra8 23. Nd2 Nh4 24. Qf1 Bg5 25. h3 Qh5 26. Qe2 Qh6 27. g3 Ng6 28. h4 Bxe3 29. Qxe3 Qxe3 30. Rxe3 f5 31. Kg2 fxe4 32. Rd1 Ne7 33. Nc4 Rfb8 34. b3 Nf5 35. Rxe4 Nd4 36. Rd3 Nc2 37. Kh3 Na3 38. Nd2 Rf8 39. f4 exf4 40. gxf4 Rae8 41. Rde3 Kf7 42. Nf3 h6 43. Rxe8 Rxe8 44. Rxe8 Kxe8 45. Nd4 Nb1 46. Ne6 Nd2 47. Nxg7+ Kf7 48. Nf5 Nxb3 49. Nxd6+ Ke7 50. Nf5+ Kd8 51. Nxh6 Nc5 52. Nf7+ Ke7 53. Ne5 Nxa4 54. h5 b3 55. Nc4 Nc3 56. d6+ cxd6 57. h6 Nd5 58. c7 Kd7 59. c8Q+ Kxc8 60. Nb6+ Kd8 61. Nxd5 1-0

[Event "St Petersburg op"]
[Site "St Petersburg"]
[Date "1995.??.??"]
[Round "7"]
[White "Tarasov, Mikhail"]
[Black "Frolov, Denis"]
[Result "0-1"]
[WhiteElo "2305"]
[BlackElo "2355"]
[PlyCount "96"]
[EventDate "1995.05.??"]
[EventType "swiss"]
[EventRounds "9"]
[EventCountry "RUS"]
[SourceTitle "CBM 046 Extra"]
[Source "ChessBase"]
[SourceDate "1995.07.01"]
[SourceVersion "1"]
[SourceVersionDate "1995.07.01"]
[SourceQuality "1"]

1. d4 Nf6 2. c4 g6 3. Nc3 Bg7 4. e4 d6 5. Nf3 0-0 6. Bg5 Nbd7 7. Be2 c6 8. 0-0 e5 9. dxe5 dxe5 10. Qc2 h6 11. Bd2 Qc7 12. b4 Rd8 13. Nd1 Nf8 14. Bc3 Nh5 15. Ne3 Nf4 16. c5 N8e6 17. Bd1 Nd4 18. Qb2 Be6 19. Rb1 Qe7 20. Ne1 Rd7 21. g3 Nh3+ 22. Kh1 Rad8 23. Bg4 Bxg4 24. Nxg4 Qe6 25. f3 h5 26. Nf2 Nb5 27. Kg2 Nxc3 28. Qxc3 Rd2 29. Rb2 Bh6 30. a3 Be3 31. Rxd2 Bxd2 32. Qc2 Nxf2 33. Kxf2 Qh3 34. Ng2 Qxh2 35. Rd1 Be3+ 36. Kxe3 Rxd1 37. Qxd1 Qxg2 38. Qd7 Qxg3 39. Qxb7 h4 40. b5 h3 41. bxc6 h2 42. c7 Qe1+ 43. Kd3 h1Q 44. c8Q+ Kg7 45. Kc4 Qxf3 46. Qb4 Qee2+ 47. Kd5 Qf6 48. Qc3 Qa2+ 0-1

[Event "Chigorin Memorial"]
[Site "St Petersburg"]
[Date "1995.??.??"]
[Round "8"]
[White "Terraz, Christian"]
[Black "Tarasov, Mikhail"]
[Result "1/2-1/2"]
[WhiteElo "2100"]
[BlackElo "2355"]
[PlyCount "121"]
[EventDate "1995.09.??"]
[EventType "swiss"]
[EventRounds "9"]
[EventCountry "RUS"]
[SourceTitle "EXT 1997"]
[Source "ChessBase"]
[SourceDate "1996.11.15"]
[SourceVersion "1"]
[SourceVersionDate "1996.11.15"]
[SourceQuality "1"]

1. d4 e6 2. e4 d5 3. Nc3 dxe4 4. Nxe4 Be7 5. Nf3 Nd7 6. Bd3 b6 7. Qe2 Bb7 8. 0-0 Ngf6 9. Ne5 0-0 10. Ng3 c5 11. c3 cxd4 12. cxd4 Nb8 13. Be3 Nc6 14. Nxc6 Bxc6 15. Nh5 Nxh5 16. Qxh5 g6 17. Qg4 Qd7 18. Rfd1 Rfd8 19. h4 Bb5 20. Bc2 Rac8 21. Rac1 f5 22. Qg3 Bc4 23. h5 Kf7 24. b3 Bd5 25. Bd3 g5 26. h6 Kg6 27. Qh3 Bf8 28. Be2 Bxh6 29. Qh5+ Kg7 30. Bxg5 Bxg5 31. Qxg5+ Kh8 32. Qf6+ Qg7 33. Qxg7+ Kxg7 34. Ba6 Rxc1 35. Rxc1 Rd7 36. Bb5 Re7 37. g3 Kf6 38. f4 h5 39. Kf2 Rh7 40. Be2 h4 41. gxh4 Rxh4 42. Kg3 Rh7 43. Rc8 Rd7 44. Kf2 Bb7 45. Rb8 Rc7 46. Bc4 Bc8 47. Ke3 Ke7 48. d5 exd5 49. Bxd5 Kd6 50. Bc4 Re7+ 51. Kd2 Kc7 52. Ra8 Re4 53. Rxa7+ Kb8 54. Rf7 Rxf4 55. Bd3 Rf2+ 56. Ke3 Rxa2 57. Bxf5 Bxf5 58. Rxf5 Rb2 59. Rb5 Kc7 60. Kd3 Kc6 61. Rb4 1/2-1/2

[Event "St Petersburg op"]
[Site "St Petersburg"]
[Date "1995.??.??"]
[Round "4"]
[White "Vager, Boris"]
[Black "Tarasov, Mikhail"]
[Result "0-1"]
[WhiteElo "2210"]
[BlackElo "2305"]
[PlyCount "96"]
[EventDate "1995.05.??"]
[EventType "swiss"]
[EventRounds "9"]
[EventCountry "RUS"]
[SourceTitle "CBM 046 Extra"]
[Source "ChessBase"]
[SourceDate "1995.07.01"]
[SourceVersion "1"]
[SourceVersionDate "1995.07.01"]
[SourceQuality "1"]

1. d4 e6 2. Nf3 f5 3. g3 Nf6 4. Bg2 d5 5. 0-0 Be7 6. c4 c6 7. b3 0-0 8. Ba3 Nbd7 9. Bxe7 Qxe7 10. Nbd2 b6 11. Ne5 Nxe5 12. dxe5 Ng4 13. Nf3 Bb7 14. h3 Nh6 15. Rc1 Rad8 16. Qc2 c5 17. Nd2 f4 18. gxf4 Rxf4 19. e3 Rf7 20. cxd5 exd5 21. f4 Nf5 22. Rfe1 Nh4 23. Nf3 Nxg2 24. Ng5 Qxg5 25. fxg5 Nxe1 26. Rxe1 Rdf8 27. Qg2 d4 28. e4 g6 29. e6 Rf4 30. Qg3 Bc6 31. Qd3 Re8 32. Qg3 Ref8 33. Qd3 Rf3 34. Qc4 Rc3 35. e7+ Rxc4 36. exf8Q+ Kxf8 37. bxc4 Ke7 38. Kf2 Ke6 39. Kf3 Ke5 40. h4 a6 41. Re2 b5 42. cxb5 axb5 43. a3 c4 44. Rf2 Bxe4+ 45. Ke2 Bf5 46. Kd1 c3 47. Re2+ Kd5 48. Re8 d3 0-1